ARRUPE JESUIT UNIVERSITY

CORONAVIRUS -STOP THE SPREAD - CLEAN,DISINFECT,COVER

The Mary Magdalene tradition : (Record no. 121173)

MARC details
000 -LEADER
fixed length control field 01258cam a22003254a 4500
001 - CONTROL NUMBER
control field 13517412
003 - CONTROL NUMBER IDENTIFIER
control field ARRUPE
005 - DATE AND TIME OF LATEST TRANSACTION
control field 20141104120804.0
008 - FIXED-LENGTH DATA ELEMENTS--GENERAL INFORMATION
fixed length control field 040310s2004 mnu b 001 0 eng
010 ## - LIBRARY OF CONGRESS CONTROL NUMBER
LC control number 2004103786
020 ## - INTERNATIONAL STANDARD BOOK NUMBER
International Standard Book Number 0814651208 (pbk.)
035 ## - SYSTEM CONTROL NUMBER
System control number (DLC) 2004103786
040 ## - CATALOGING SOURCE
Original cataloging agency DLC
Transcribing agency DLC
Modifying agency DLC
042 ## - AUTHENTICATION CODE
Authentication code pcc
050 00 - LIBRARY OF CONGRESS CALL NUMBER
Classification number BS2485
Item number .H43 2004
082 00 - DEWEY DECIMAL CLASSIFICATION NUMBER
Classification number 226/.092
Edition number 22
300 ## - PHYSICAL DESCRIPTION
Dimensions 23 cm.
100 1# - MAIN ENTRY--PERSONAL NAME
Personal name Hearon, Holly E.
9 (RLIN) 7225
245 14 - TITLE STATEMENT
Title The Mary Magdalene tradition :
Remainder of title witness and counter-witness in early Christian communities /
Statement of responsibility, etc Holly E. Hearon.
260 ## - PUBLICATION, DISTRIBUTION, ETC. (IMPRINT)
Place of publication, distribution, etc Collegeville , Minn. :
Name of publisher, distributor, etc Liturgical Press,
Date of publication, distribution, etc c2004.
300 ## - PHYSICAL DESCRIPTION
Extent xi, 236 p. ;
500 ## - GENERAL NOTE
General note "A Michael Glazier book."
500 ## - GENERAL NOTE
General note Revision of thesis (doctoral)--Graduate Theological Union, 1998.
504 ## - BIBLIOGRAPHY, ETC. NOTE
Bibliography, etc Includes bibliographical references and index.
600 00 - SUBJECT ADDED ENTRY--PERSONAL NAME
Personal name Mary Magdalene,
Titles and other words associated with a name Saint.
9 (RLIN) 12380
630 00 - SUBJECT ADDED ENTRY--UNIFORM TITLE
Uniform title Bible.
Name of part/section of a work Gospels
General subdivision Socio-rhetorical criticism.
9 (RLIN) 12381
650 #0 - SUBJECT ADDED ENTRY--TOPICAL TERM
Topical term or geographic name as entry element Storytelling
General subdivision Religious aspects
-- Christianity.
9 (RLIN) 1743
906 ## - LOCAL DATA ELEMENT F, LDF (RLIN)
a 7
b cbc
c orignew
d 2
e epcn
f 20
g y-gencatlg
942 ## - ADDED ENTRY ELEMENTS (KOHA)
Source of classification or shelving scheme Library of Congress Classification
Koha item type Monograph ( Printed materials)
Holdings
Withdrawn status Lost status Source of classification or shelving scheme Damaged status Not for loan Collection code Home library Current library Shelving location Date acquired Total Checkouts Full call number Barcode Date last seen Price effective from Koha item type
    Library of Congress Classification     Main Collection ARRUPE LIBRARY ARRUPE LIBRARY Main Collection 04/11/2014   BS2485 .H43 2004 46500001485 04/11/2014 04/11/2014 Monograph ( Printed materials)

 

Arrupe Library. PO Box MP320 Mt Pleasant, Harare, Zimbabwe
263 242 745411|librarian@aju.ac.zw